Southville International School and Colleges
Your cart is empty.
  • Cart
  • Lists
    Public lists Eva Luna New books Lux_list list_1
    Your lists Log in to create your own lists
  • Log in to your account
  • Your cookies
  • Search history
Southville International School and Colleges
  • Advanced search
  • Recent comments
  • Most popular
  • Libraries

Log in to your account

Log in with GOOGLE


If you do not have an external account, but do have a local account, you can still log in:

  1. Home
  2. MARC view: Artificial intelligence and work:
Normal view MARC view ISBD view

Artificial intelligence and work: (Record no. 367483)

[ view plain ]
MARC details
000 -LEADER
fixed length control field 00841nam a22002297a 4500
003 - CONTROL NUMBER IDENTIFIER
control field 0
005 - DATE AND TIME OF LATEST TRANSACTION
control field 20250729112633.0
008 - FIXED-LENGTH DATA ELEMENTS--GENERAL INFORMATION
fixed length control field 250729b xxu||||| |||| 00| 0 eng d
020 ## - INTERNATIONAL STANDARD BOOK NUMBER
International Standard Book Number 9781529667257
050 ## - LIBRARY OF CONGRESS CALL NUMBER
Classification number HD6331
Item number .A78 2025
245 ## - TITLE STATEMENT
Title Artificial intelligence and work:
Remainder of title transforming work, organizations, and society in an age of insecurity.
Statement of responsibility, etc edited by John Bratton and Laura Steele
260 ## - PUBLICATION, DISTRIBUTION, ETC. (IMPRINT)
Place of publication, distribution, etc London
Name of publisher, distributor, etc Sage
Date of publication, distribution, etc 2025
300 ## - PHYSICAL DESCRIPTION
Extent xx, 276 pages ;
Dimensions 25cm.
504 ## - BIBLIOGRAPHY, ETC. NOTE
Bibliography, etc Includes bibliographical references and index.
650 ## - SUBJECT ADDED ENTRY--TOPICAL TERM
Topical term or geographic name as entry element Artificial intelligence—Economic aspects.
650 ## - SUBJECT ADDED ENTRY--TOPICAL TERM
Topical term or geographic name as entry element Labor—Effect of technological innovations on.
650 ## - SUBJECT ADDED ENTRY--TOPICAL TERM
Topical term or geographic name as entry element Work—Technological innovations.
650 ## - SUBJECT ADDED ENTRY--TOPICAL TERM
Topical term or geographic name as entry element Automation—Social aspects.
700 ## - ADDED ENTRY--PERSONAL NAME
Personal name Bratton, John
Relator term editor
700 ## - ADDED ENTRY--PERSONAL NAME
Personal name Steele, Laura
Relator term editor
942 ## - ADDED ENTRY ELEMENTS (KOHA)
Source of classification or shelving scheme Library of Congress Classification
Koha item type Books
Holdings
Withdrawn status Lost status Source of classification or shelving scheme Damaged status Home library Current library Shelving location Date acquired Source of acquisition Sub Shelving location Total Checkouts Total Renewals Full call number Barcode Date last seen Date checked out Price effective from Koha item type
    Library of Congress Classification   College Library College Library Reserve Section 07/29/2025 Library Fund   3 2 HD6331 .A78 2025 C24602 01/15/2026 11/26/2025 07/29/2025 Books

Artificial intelligence and work:

APA

Bratton J., Steele L., . (2025). Artificial intelligence and work. London: Sage.

Chicago

Bratton John, Steele Laura, . 2025. Artificial intelligence and work. London: Sage.

Harvard

Bratton J., Steele L., . (2025). Artificial intelligence and work. London: Sage.

MLA

Bratton John, Steele Laura, . Artificial intelligence and work. London: Sage. 2025.

  • Place hold
  • Print
  • Cite
  • Add to your cart (remove)
  • Save record
    BIBTEX Dublin Core MARCXML MARC (non-Unicode/MARC-8) MARC (Unicode/UTF-8) MARC (Unicode/UTF-8, Standard) MODS (XML) RIS
  • More searches
    Search for this title in:
    Other Libraries (WorldCat) Other Databases (Google Scholar) Online Stores (Bookfinder.com) Open Library (openlibrary.org)

Exporting to Dublin Core...

SOUTHVILLE LIBRARY

Southville International School and Colleges Library

1281 Tropical Ave. Cor. Luxembourg St., BF Homes International, Las Pinas City

Tel. No. 8256374 / 252358 Loc. 117/146

Powered by Koha